Médicaments en Mort Subite - Statistiques

Statistiques générales
  • Ce quiz a été pris 230 fois
  • Le résultat moyen est 52 sur 85
Answers on the Grid
Answers color-coded by a green-red scale on the quiz's grid according to % correct below.
DOLIPRANE
EFFERALGAN
DAFALGAN
LEVOTHYROX
IMODIUM
KARDEGIC
SPASFON
ISIMIG
TAHOR
SPEDIFEN
VOLTARENE
IXPRIM
PARACETAMOL BIOGARAN
FORLAX
MAGNE B6
CLAMOXYL
PIASCLEDINE
LAMALINE
GAVISCON
DAFLON
ANTARENE
RHINOFLUIMUCIL
PLAVIX
MOPRAL
SUBUTEX
AERIUS
ORELOX
INEXIUM
METEOSPASMYL
AUGMENTIN
TOPLEXIL
PIVALONE
VASTAREL
ADVIL
EUPANTOL
XANAX
EMLAPATCH
LASILIX
ENDOTELON
DEROXAT
TEMESTA
PARACETAMOL SANDOZ
VENTOLINE
SOLUPRED
INIPOMP
PREVISCAN
ASPEGIC
CRESTOR
SERESTA
CELESTENE
AMLOR
DIAMICRON
TANAKAN
ATARAX
DERINOX
XYZALL
SERETIDE
COVERSYL
HEXAQUINE
DIFFU-K
APROVEL
PARIET
ZALDIAR
DIPROSONE
PARACETAMOL TEVA
BETADINE
LYSANXIA
ALODONT
LEXOMIL
DACRYOSERUM
FUCIDINE
STILNOX
KETUM
STABLON
ART
BIOCALYPTOL
THIOVALONE
DEBRIDAT
PYOSTACINE
TIORFAN
SPECIAFOLDINE
RIVOTRIL
TOPALGIC
NASONEX
COAPROVEL
FARTOBED
DEGAPAL
GYRINIGON
HAVLOCEK
NIHOVIUM
 
Statistiques - réponses
Réponse % Correct
DAFALGAN
89%
GAVISCON
87%
VENTOLINE
87%
XANAX
87%
BETADINE
86%
SPASFON
86%
DOLIPRANE
85%
EFFERALGAN
84%
PARACETAMOL BIOGARAN
83%
VOLTARENE
83%
LEXOMIL
81%
PARACETAMOL SANDOZ
81%
PARACETAMOL TEVA
81%
ADVIL
80%
ASPEGIC
79%
TOPLEXIL
78%
IMODIUM
77%
ATARAX
72%
DAFLON
72%
AUGMENTIN
71%
CLAMOXYL
70%
LEVOTHYROX
70%
FORLAX
69%
SOLUPRED
69%
LAMALINE
68%
TOPALGIC
68%
SUBUTEX
67%
AERIUS
66%
KARDEGIC
66%
PREVISCAN
66%
FUCIDINE
65%
PIVALONE
65%
RIVOTRIL
65%
SERESTA
65%
METEOSPASMYL
64%
HEXAQUINE
63%
TEMESTA
63%
DIPROSONE
62%
SPEDIFEN
62%
LASILIX
61%
RHINOFLUIMUCIL
61%
ANTARENE
60%
SERETIDE
60%
NASONEX
59%
DIAMICRON
58%
INEXIUM
58%
TIORFAN
58%
DEROXAT
57%
MAGNE B6
57%
PLAVIX
57%
BIOCALYPTOL
56%
LYSANXIA
56%
MOPRAL
56%
STILNOX
56%
AMLOR
55%
COVERSYL
55%
DERINOX
55%
DIFFU-K
55%
EUPANTOL
55%
DACRYOSERUM
54%
PYOSTACINE
54%
CELESTENE
52%
THIOVALONE
52%
APROVEL
51%
EMLAPATCH
51%
IXPRIM
51%
SPECIAFOLDINE
51%
ALODONT
49%
COAPROVEL
49%
CRESTOR
49%
ORELOX
49%
TAHOR
49%
KETUM
48%
STABLON
48%
VASTAREL
48%
DEBRIDAT
46%
TANAKAN
46%
INIPOMP
42%
PIASCLEDINE
40%
PARIET
37%
ENDOTELON
34%
XYZALL
34%
ZALDIAR
31%
ISIMIG
22%
ART
10%
Aucun quiz correspondant
Distribution des résultats
% des personnes avec chaque résultat
Percentile par nombre de réponses
Votre historique - résultats
Vous n’avez pas pris ce quiz